| 000 -ლიდერი |
| ფიქსირებული სიგრძის საკონტროლო ველი |
01342nam a2200253Ia 4500 |
| 001 - საკონტროლო ნომერი |
| საკონტროლო ველი |
8961 |
| 003 - საკონტროლო ნომრის იდენტიფიკატორი |
| საკონტროლო ველი |
GE_BSU |
| 005 - ბოლო ოპერაციის თარიღი და დრო |
| საკონტროლო ველი |
20211122125129.0 |
| 008 - ფიქსირებული სიგრძის მონაცემთა ელემენტები - ზოგადი ინფორმაცია |
| ფიქსირებული სიგრძის საკონტროლო ველი |
181216s2005||||ge |||||||||||||| ||geo|| |
| 020 ## - წიგნის საერთაშორისო სტანდარტული ნომერი |
| International Standard Book Number |
9994016601 |
| 040 ## - კატალოგიზაციის წყარო |
| Transcribing agency |
GE_BSU |
| 041 ## - ენის კოდი |
| Language code of text/sound track or separate title |
geo |
| 080 ## - უნივერსალური ათობითი კლასიფიკაციის ინდექსი |
| Universal Decimal Classification number |
341 მ-20 |
| 100 ## - მთავარი ჩანაწერი - პიროვნების სახელი |
| Personal name |
მალანჩუკი, პიტერ |
| 9 (RLIN) |
12994 |
| 245 ## - ცნობა სათაურის შესახებ |
| Title |
აკეჰარსტის თანამედროვე საერთაშორისო სამართალი / |
| Statement of responsibility, etc |
[მთარგმნ.: თამარ თომაშვილი, ნოდარ მანჩხაშვილი, ირინე მელიქიშვილი და სხვ. ; რედ.: ლალი ქადაგიძე, ანა ჭაბაშვილი]. |
| 250 ## - გამოცემის ცნობა |
| Edition statement |
მე-7 შესწ. გამოც. |
| 264 ## - წარმოების, გამოცემის, დისტრიბუციის და სხვა ცნობები |
| გამოცემის, წარმოების, დისტრიბუციის... ადგილი |
თბილისი : |
| გამოცემის, წარმოების, დისტრიბუციის... სახელწოდება |
დიოგენე, |
| გამოცემის, წარმოების, დისტრიბუციის... თარიღი |
2005. |
| 300 ## - ფიზიკური აღწერა |
| Extent |
464 გვ.; |
| Other physical details |
28 სმ. |
| 653 ## - INDEX TERM--UNCONTROLLED |
| Uncontrolled term |
საერთაშორისო სამართალი |
| 700 ## - ADDED ENTRY--PERSONAL NAME |
| Personal name |
თომაშვილი, თამარ და სხვ. |
| Relator term |
მთარგმნელი |
| 9 (RLIN) |
12995 |
| 700 ## - ADDED ENTRY--PERSONAL NAME |
| Personal name |
ქადაგიძე, ლალი |
| Relator term |
რედაქტორი |
| 9 (RLIN) |
10069 |
| 700 ## - ADDED ENTRY--PERSONAL NAME |
| Personal name |
ჭაბაშვილი, ანა |
| Relator term |
რედაქტორი |
| 9 (RLIN) |
995 |
| 942 ## - ADDED ENTRY ELEMENTS (KOHA) |
| Koha item type |
წიგნი |
| Source of classification or shelving scheme |
|